000 00622nam a2200229Ia 4500
003 OSt
005 20220928120931.0
006 a|||||r|||| 00| 0
007 ta
008 220927b |||||||| |||| 00| 0 eng d
024 _a27311
037 _cTextual
040 _aSDCL
_cSDCL
_beng
041 _2eng
_aeng
082 _aX:8T.2'N7, L8
100 _aVirmani B R
_9451398
245 0 _aManagement trainee schemes
_b The Indian scene
260 _aNew Delhi
_bSultan Chand & Sons
_c1978
300 _axii,58p
_ccm.
942 _hX:8T.2'N7, L8
_cTEXL
_2CC
999 _c765464
_d765464